Техника и технология буровзрывных работ

গ্রন্থ-পঞ্জীর বিবরন
প্রধান লেখক: Коробейников П. Г. Петр Григорьевич
অন্যান্য লেখক: Любимов Н. Г. Николай Георгиевич
ভাষা:রুশ
প্রকাশিত: Москва, Недра, 1972
বিষয়গুলি:
বিন্যাস: গ্রন্থ
KOHA link:https://koha.lib.tpu.ru/cgi-bin/koha/opac-detail.pl?biblionumber=329949

MARC

LEADER 00000nam0a2200000 4500
001 329949
005 20231102004219.0
035 |a (RuTPU)RU\TPU\book\355722 
090 |a 329949 
100 |a 20170324d1972 km y0rusy50 ca 
101 0 |a rus 
102 |a RU 
105 |a a z 001zy 
200 1 |a Техника и технология буровзрывных работ  |f П. Г. Коробейников, Н. Г. Любимов 
210 |a Москва  |c Недра  |d 1972 
215 |a 279 с.  |c ил. 
320 |a Библиогр.: с. 276-277 
606 1 |a Буровзрывные работы  |2 stltpush  |3 (RuTPU)RU\TPU\subj\30498  |9 53601 
610 1 |a технология 
610 1 |a горные породы 
610 1 |a буровая техника 
610 1 |a бурение 
610 1 |a инструменты 
610 1 |a скважины 
610 1 |a карьеры 
610 1 |a взрывы 
610 1 |a взрывчатые вещества 
610 1 |a средства 
610 1 |a способы 
610 1 |a методы 
675 |a 622.233  |v 4 
700 1 |a Коробейников  |b П. Г.  |g Петр Григорьевич 
701 1 |a Любимов  |b Н. Г.  |g Николай Георгиевич 
801 1 |a RU  |b 63413507  |c 20170324 
801 2 |a RU  |b 63413507  |c 20170328  |g RCR 
942 |c BK